Top 100 American companies (most employees) - Statistics

General Stats
  • This quiz has been taken 222 times
  • The average score is 23 of 100
Answer Stats
Hint Entity, company, organization % Correct
Fast food McDonald's
97%
Retail Wal-Mart
94%
Tech Apple
79%
Website Amazon
75%
Tech Microsoft
65%
Coffee Starbucks
64%
Auto General Motors
63%
Fast food Yum! Brands
62%
Aviation American Airlines
60%
Telecom AT&T
53%
Bank Bank of America
53%
Retail Target
53%
Aviation Boeing
51%
Aviation Delta Air Lines
50%
Aviation United Continental Holdings
50%
Tech United Technologies
50%
Telecom Verizon Communications
48%
Oil Exxon Mobil
47%
Hotel Hilton
47%
Logistics United Parcel Service
47%
Defense General Dynamics
46%
Entertainment The Walt Disney Company
44%
Logistics FedEx
43%
Tech IBM
42%
Bank JPMorgan Chase
42%
Grocery HE Butt Grocery
37%
Retail The Home Depot
37%
Gorcery Costco
36%
Grocery Kroger
36%
Food The Coca-Cola Company
35%
Pharma Pfizer
34%
Finance Wells Fargo
33%
Auto Johnson Controls
32%
Pharma Johnson & Johnson
32%
Tech Intel
31%
Food Pepsi
31%
Pharma Walgreens
30%
Manufacturing General Electric
29%
Bank Citigroup
28%
Tech Dell
23%
Heavy equipment Caterpillar
22%
Aviation Lockheed Martin
22%
Retail Macy's
22%
Hotel Marriott
22%
Retail Best Buy
20%
Investing Berkshire Hathaway
19%
Telecom Comcast
17%
Discount Dollar General
17%
Auto rental Enterprise
17%
Retail Lowe's
17%
Tech Oracle
17%
Retail Sears
17%
Consumer Procter & Gamble
16%
Tobacco Philip Morris International
15%
Government U.S. Federal Government
15%
Grocery Safeway
14%
Food Tyson Foods
13%
Tech Hewlett-Packard
11%
Retail J. C. Penney
10%
Retail Meijer
10%
Manufacturing 3M
9%
Food processing Mars
9%
Grocery Albertsons
8%
Retail Kohl's
8%
Home appliance Whirlpool
7%
Finance Deloitte
6%
Auto Ford Motor
6%
Manufacturing Koch Industries
6%
Food Darden Restaurants
5%
Manufacturing Honeywell
5%
Accounting PricewaterhouseCoopers
5%
Accounting Ernst & Young
4%
Retail Gap
4%
Accounting KPMG
4%
Agriculture Cargill
3%
Oil Halliburton
2%
Food processing Mondelez International
2%
Tech Xerox
2%
Food service Aramark
1%
Tech Cisco Systems
1%
Pharma CVS Health
1%
Grocery Hy-Vee
1%
Grocery Publix Super Markets
1%
Discount TJX
1%
Health care UnitedHealth Group
1%
Health care Abbott Laboratories
0%
Facilities ABM Industries
0%
Food Bloomin' Brands
0%
Tech Cognizant Technology Solutions
0%
Health care Community Health Systems
0%
Tech Convergys
0%
Manufacturing Emerson Electric
0%
Health care HCA Holdings
0%
Manufacturing Jabil Circuit
0%
Aviation Lear
0%
Advertising Omnicom Group
0%
Insurance State Farm Insurance
0%
Health care Tenet Healthcare
0%
Auto TRW Automotive Holdings
0%
Tech Western Digital
0%
No matching quizzes found
Score Distribution
Percent of People with Each Score
Percentile by Number Answered
Your Score History
You have not taken this quiz